[Event "Staufer op-B 30th"]
[Site "Schwaebisch Gmuend"]
[Date "2018.01.06"]
[Round "9"]
[White "Dangelmayer, Frank"]
[Black "Steiglechner, Julius"]
[Result "0-1"]
[WhiteElo "1974"]
[BlackElo "1895"]
[PlyCount "120"]
[EventDate "2018.01.02"]
[EventType "swiss"]
[EventRounds "9"]
[EventCountry "GER"]
[SourceTitle "EXT 2019"]
[Source "ChessBase"]
[SourceDate "2018.10.10"]
[SourceVersion "1"]
[SourceVersionDate "2018.10.10"]
[SourceQuality "1"]

1. e4 e6 2. d4 d5 3. Nc3 Bb4 4. a3 Bxc3+ 5. bxc3 Ne7 6. e5 c5 7. f4 b6 8. Bb5+ Bd7 9. Bd3 Ba4 10. Be3 cxd4 11. cxd4 Nbc6 12. Nf3 Rc8 13. 0-0 Na5 14. Nd2 0-0 15. Rf3 f5 16. exf6 Rxf6 17. f5 exf5 18. Bg5 Rf7 19. Rxf5 Qf8 20. Bxe7 Qxe7 21. Qg4 Bd7 22. Nf3 Rcf8 23. Re1 Bxf5 24. Bxf5 Qxe1+ 25. Nxe1 Rxf5 26. Nf3 Nc4 27. Qg3 h6 28. h3 Kh7 29. Qc7 R8f7 30. Qc6 R7f6 31. Qb7 a5 32. Ne5 Nxe5 33. dxe5 Rxe5 34. Qa6 h5 35. Qd3+ g6 36. Qc3 Ree6 37. Qd4 Rd6 38. c4 dxc4 39. Qxc4 Kg7 40. Qc7+ Kf8 41. Kh2 Ke8 42. Kg3 Rfe6 43. Kh4 Rd7 44. Qc4 Red6 45. Kg5 Kd8 46. g4 hxg4 47. hxg4 Rc7 48. Qe4 Rc5+ 49. Kf4 Rdc6 50. Qd4+ Kc7 51. Qg7+ Kb8 52. Qe7 g5+ 53. Ke4 Rc7 54. Qe6 Ka7 55. Qd6 Rc4+ 56. Kd3 Ka6 57. Kd2 R7c6 58. Qd5 R4c5 59. Qd8 Kb5 60. Qd4 Ka6 0-1